000 00605cam a2200217 a 4500
001 000008882
005 20200929161430.0
008 960624s1996 mx 000 f spa d
020 _a9681902998
040 _aDO-SdBNP
_dBNPHU
082 _aCh863.44
_bD687c
100 1 _aDonoso, José,
_d1924-1996
_921513
245 1 0 _aConjeturas sobre la memoria de mi tribu /
_cJosé Donoso.
260 _aMéxico :
_bAlfaguara,
_c1996.
300 _a284 p. ;
_c24 cm.
650 4 _aNovela chilena
_93163
650 4 _aLiteratura chilena
_93164
910 _aCatalogación derivada
910 _aWM
049 _aBNGR
999 _c8651
_d8651